| 000 | 00915nam a2200277Ia 4500 | ||
|---|---|---|---|
| 008 | 160319s9999 xx 000 0 und d | ||
| 020 | _a9719344636 | ||
| 050 | _aFil 700.1 | ||
| 050 | _bS237n 2008 | ||
| 100 | _aSantos, Roland | ||
| 245 | _aNostalgia / | ||
| 245 | _cby Rolando Santos ; text, Marlene Aguilar ; writer, Angela Blardony-Ureta ; contributing writer, Cid Reyes ; editor, Marlene Aguilar ; design and layout, Alexander Pascual ; photography, Demetrio Dela Cruz. | ||
| 250 | _a1st edition. | ||
| 260 | _aManila : | ||
| 260 | _bJamayco Publishing House | ||
| 260 | _c2008 | ||
| 300 | _a176 pages : | ||
| 300 | _bcolor illustrations : | ||
| 300 | _c29 cm. | ||
| 500 | _a"A Philippine Heritage book." | ||
| 650 | _aPainting -- Philippines. | ||
| 650 | _aSantos, Rolando. | ||
| 700 | _aAguilar, Marlene., added author. | ||
| 700 | _aBlardony-Ureta, Angela. | ||
| 700 | _aReyes, Cid. | ||
| 999 |
_c292357 _d292357 |
||